[Event "Mazowiec-chT op 1718"]
[Site "Warsaw"]
[Date "2018.02.04"]
[Round "6.20"]
[White "Wangrat, Jan"]
[Black "Kacprzak, Karol"]
[Result "0-1"]
[WhiteElo "1408"]
[BlackElo "1688"]
[PlyCount "124"]
[EventDate "2017.12.03"]
[EventType "team-swiss"]
[EventRounds "10"]
[EventCountry "POL"]
[SourceTitle "EXT 2020"]
[Source "ChessBase"]
[SourceDate "2019.10.17"]
[SourceVersion "1"]
[SourceVersionDate "2019.10.17"]
[SourceQuality "1"]

1. e4 c6 2. Nf3 d5 3. Nc3 dxe4 4. Nxe4 Nf6 5. Ng3 Bg4 6. h3 Bxf3 7. Qxf3 e6 8. c3 Nbd7 9. d4 Qc7 10. Bd3 Bd6 11. 0-0 0-0-0 12. Ne2 h5 13. Bf4 Bxf4 14. Qxf4 Qxf4 15. Nxf4 g5 16. Ne2 Nd5 17. f4 g4 18. h4 Ne3 19. Rf2 c5 20. f5 e5 21. Re1 exd4 22. cxd4 Nf6 23. Rc1 b6 24. Ba6+ Kb8 25. dxc5 Ne4 26. cxb6 Nxf2 27. Kxf2 Nd1+ 28. Ke1 Nxb2 29. b7 Nd3+ 30. Bxd3 Rxd3 31. Nf4 Re3+ 32. Kf2 Re5 33. f6 Kxb7 34. Rd1 Kc6 35. g3 Rh6 36. Rc1+ Rc5 37. Rxc5+ Kxc5 38. Ke3 Rxf6 39. Nxh5 Ra6 40. Kf4 Ra4+ 41. Kg5 Rxa2 42. Kxg4 Rh2 43. Nf4 a5 44. h5 a4 45. Nd3+ Kd4 46. Ne1 Rh1 47. Nf3+ Ke3 48. Ne5 f5+ 49. Kg5 Ke4 50. Nc4 Kd4 51. Na3 Rh3 52. Kxf5 Rxh5+ 53. Kf4 Rc5 54. g4 Kc3 55. Nb1+ Kc2 56. Na3+ Kb2 57. g5 Kxa3 58. g6 Kb2 59. g7 Rc8 60. Kg5 a3 61. Kh6 a2 62. Kh7 a1Q 0-1

[Event "Warsaw YMCA Spring-C 185th"]
[Site "Warsaw"]
[Date "2017.05.24"]
[Round "9"]
[White "Szynalski, Bartosz"]
[Black "Wangrat, Jan"]
[Result "1-0"]
[WhiteElo "1517"]
[BlackElo "1451"]
[PlyCount "107"]
[EventDate "2017.04.06"]
[EventType "tourn"]
[EventRounds "13"]
[EventCountry "POL"]
[SourceTitle "EXT 2019"]
[Source "ChessBase"]
[SourceDate "2018.10.10"]
[SourceVersion "1"]
[SourceVersionDate "2018.10.10"]
[SourceQuality "1"]

1. e4 c5 2. Nf3 Nc6 3. d4 cxd4 4. Nxd4 g6 5. Nc3 Bg7 6. Be3 Nf6 7. Nxc6 bxc6 8. e5 Ng8 9. Bd4 c5 10. Bxc5 Qc7 11. Bd4 Bxe5 12. Bxe5 Qxe5+ 13. Qe2 Qxe2+ 14. Bxe2 Nf6 15. Bf3 Rb8 16. 0-0-0 0-0 17. Rhe1 Re8 18. Nd5 Nxd5 19. Rxd5 e6 20. Ra5 a6 21. Re3 Rb5 22. Rxb5 axb5 23. Rb3 Ba6 24. Be2 Ra8 25. Ra3 Bb7 26. Rxa8+ Bxa8 27. Bxb5 d6 28. g3 Kf8 29. Kd2 Ke7 30. a4 Kd8 31. Kc3 Kc7 32. h4 Bf3 33. Kd4 Kb6 34. b4 e5+ 35. Ke3 Bd1 36. c4 Bg4 37. f3 Be6 38. g4 f5 39. g5 Bf7 40. Kd3 Kb7 41. a5 Kc7 42. Ba4 d5 43. c5 e4+ 44. fxe4 dxe4+ 45. Kd4 Be6 46. b5 Kb7 47. c6+ Kb8 48. b6 Bf7 49. Bb5 Be6 50. Ba6 Bc8 51. c7+ Ka8 52. Bxc8 e3 53. b7+ Ka7 54. b8Q# 1-0

[Event "Warsaw YMCA Winter-C 181st"]
[Site "Warsaw"]
[Date "2017.03.15"]
[Round "10"]
[White "Wangrat, Jan"]
[Black "Sieczkowski, Adam"]
[Result "0-1"]
[WhiteElo "1539"]
[BlackElo "1470"]
[PlyCount "82"]
[EventDate "2017.01.11"]
[EventType "tourn"]
[EventRounds "11"]
[EventCountry "POL"]
[SourceTitle "EXT 2019"]
[Source "ChessBase"]
[SourceDate "2018.10.10"]
[SourceVersion "1"]
[SourceVersionDate "2018.10.10"]
[SourceQuality "1"]

1. e4 c6 2. Nf3 d5 3. Nc3 Bg4 4. h3 Bxf3 5. Qxf3 dxe4 6. Nxe4 Nf6 7. Bc4 Nbd7 8. d4 e6 9. c3 Nxe4 10. Qxe4 Nf6 11. Qc2 Be7 12. Bf4 Qd7 13. 0-0-0 Nd5 14. Be5 Bf6 15. Bh2 a5 16. Rhe1 b5 17. Be2 a4 18. a3 Bg5+ 19. Kb1 Bf4 20. Bxf4 Nxf4 21. Bf3 Nd5 22. Qe4 0-0 23. g4 Rfb8 24. Qc2 Qe7 25. Bxd5 cxd5 26. Rc1 Rc8 27. Qd3 Rc4 28. f4 Ra6 29. f5 Rac6 30. fxe6 fxe6 31. Re3 b4 32. axb4 a3 33. b3 Rxb4 34. cxb4 a2+ 35. Kxa2 Rxc1 36. Kb2 Rh1 37. Qe2 Qa7 38. Kc3 Qa1+ 39. Kc2 Rc1+ 40. Kd2 Qb2+ 41. Kd3 Rc3# 0-1

[Event "Warsaw YMCA Autumn-D 177th"]
[Site "Warsaw"]
[Date "2016.11.23"]
[Round "12"]
[White "Wangrat, Jan"]
[Black "Tarka, Aleksandra"]
[Result "1/2-1/2"]
[WhiteElo "1328"]
[BlackElo "1433"]
[PlyCount "114"]
[EventDate "2016.09.19"]
[EventType "tourn"]
[EventRounds "13"]
[EventCountry "POL"]
[SourceTitle "EXT 2019"]
[Source "ChessBase"]
[SourceDate "2018.10.10"]
[SourceVersion "1"]
[SourceVersionDate "2018.10.10"]
[SourceQuality "1"]

1. e4 c5 2. Nf3 Nc6 3. d4 cxd4 4. Nxd4 Nf6 5. Nc3 e6 6. Ndb5 Bc5 7. Bf4 0-0 8. Bd6 Qb6 9. Bxc5 Qxc5 10. Qd6 Qb6 11. 0-0-0 Qxf2 12. Nc7 Ne8 13. Nxe8 Rxe8 14. Nb5 Rd8 15. Bd3 a6 16. Nc3 b6 17. Rdf1 Qc5 18. Qf4 Ne5 19. Be2 b5 20. Rf2 Bb7 21. Rhf1 Rac8 22. a3 f6 23. Kb1 d5 24. Bg4 Rd6 25. exd5 Bxd5 26. Nxd5 Qxd5 27. Rd1 Qc6 28. Rxd6 Qxd6 29. Rd2 Qc6 30. Qd4 Nxg4 31. Qxg4 f5 32. Qg3 Qc7 33. Qe3 Kf7 34. Re2 Qc6 35. Qg3 Qc7 36. Qb3 Qd6 37. Re1 Rc4 38. Rh1 Qd2 39. g3 Qg2 40. Rd1 Qxh2 41. Rd7+ Kf6 42. Rd6 Qg1+ 43. Ka2 Qf2 44. Rxa6 Qxc2 45. Qxb5 Rc5 46. Qb6 Qc4+ 47. Kb1 Qc2+ 48. Ka2 Qc4+ 49. Kb1 Rb5 50. Qd8+ Kg6 51. Qe8+ Kf6 52. Qf8+ Kg6 53. Qe8+ Kf6 54. Qf8+ Kg6 55. Qe8+ Kf6 56. Qf8+ Kg6 57. Qe8+ Kf6 1/2-1/2

[Event "Warsaw YMCA Autumn-D 177th"]
[Site "Warsaw"]
[Date "2016.10.11"]
[Round "4"]
[White "Olsztynski, Andrzej"]
[Black "Wangrat, Jan"]
[Result "0-1"]
[WhiteElo "1456"]
[BlackElo "1328"]
[PlyCount "60"]
[EventDate "2016.09.19"]
[EventType "tourn"]
[EventRounds "13"]
[EventCountry "POL"]
[SourceTitle "EXT 2019"]
[Source "ChessBase"]
[SourceDate "2018.10.10"]
[SourceVersion "1"]
[SourceVersionDate "2018.10.10"]
[SourceQuality "1"]

1. e4 c5 2. Nf3 Nc6 3. c3 d5 4. Qc2 dxe4 5. Qxe4 Nf6 6. Qa4 Bd7 7. Qc2 e6 8. Be2 Be7 9. 0-0 0-0 10. d3 b5 11. h3 b4 12. c4 Bc8 13. b3 Nd7 14. Bb2 Bf6 15. Bxf6 Qxf6 16. Nbd2 Nd4 17. Nxd4 Qxd4 18. Bf3 Rb8 19. Rae1 Ne5 20. Be4 Bb7 21. Re3 Rfd8 22. Nf3 Nxf3+ 23. Bxf3 Bxf3 24. Rxf3 Rd7 25. Re1 Rbd8 26. Rd1 e5 27. Qe2 e4 28. Rg3 f5 29. Re3 g6 30. f3 f4 0-1

[Event "Warsaw YMCA Spring-D 170th"]
[Site "Warsaw"]
[Date "2016.06.13"]
[Round "11"]
[White "Wangrat, Jan"]
[Black "Kuzmicki, Marek"]
[Result "1/2-1/2"]
[WhiteElo "1444"]
[BlackElo "1463"]
[PlyCount "111"]
[EventDate "2016.04.05"]
[EventType "tourn"]
[EventRounds "13"]
[EventCountry "POL"]
[SourceTitle "EXT 2019"]
[Source "ChessBase"]
[SourceDate "2018.10.10"]
[SourceVersion "1"]
[SourceVersionDate "2018.10.10"]
[SourceQuality "1"]

1. e4 e6 2. Nf3 d5 3. Nc3 c5 4. e5 Nc6 5. Bb5 Nge7 6. d4 Nf5 7. Bxc6+ bxc6 8. 0-0 Ba6 9. Re1 Be7 10. Na4 cxd4 11. Nxd4 Nxd4 12. Qxd4 0-0 13. Qg4 f5 14. Qd4 Qa5 15. Be3 f4 16. Bd2 c5 17. Bxa5 cxd4 18. Red1 Rfc8 19. Rac1 f3 20. Rxd4 Bg5 21. Bd2 Bxd2 22. Rxd2 Rc4 23. b3 Rg4 24. g3 Rc8 25. Nb2 Re4 26. Nd3 Bxd3 27. Rxd3 Rxc2 28. Ra1 Rxa2 29. Rc1 Rc2 30. Ra1 Rxe5 31. Rxf3 Rc7 32. Ra4 Rf5 33. Rxf5 exf5 34. Ra5 Rd7 35. Kg2 g6 36. Kf3 Kf7 37. Ke3 Ke6 38. Ra6+ Ke7 39. Kd4 Rb7 40. Kxd5 Rxb3 41. Rxa7+ Kf6 42. Rxh7 Rd3+ 43. Kc4 Rf3 44. Kd4 Rxf2 45. Ke3 Rf1 46. Ke2 Ra1 47. Kf3 Kg5 48. Rh4 Ra3+ 49. Kf2 Kf6 50. Rh8 Rb3 51. Re8 Kg5 52. Re3 Rb2+ 53. Re2 Rxe2+ 54. Kxe2 Kg4 55. Kf2 Kh3 56. Kg1 1/2-1/2

[Event "Warsaw YMCA Spring-D 170th"]
[Site "Warsaw"]
[Date "2016.05.10"]
[Round "6"]
[White "Kaluzynski, Waldemar"]
[Black "Wangrat, Jan"]
[Result "1-0"]
[WhiteElo "1566"]
[BlackElo "1444"]
[PlyCount "73"]
[EventDate "2016.04.05"]
[EventType "tourn"]
[EventRounds "13"]
[EventCountry "POL"]
[SourceTitle "EXT 2019"]
[Source "ChessBase"]
[SourceDate "2018.10.10"]
[SourceVersion "1"]
[SourceVersionDate "2018.10.10"]
[SourceQuality "1"]

1. g3 g6 2. Bg2 f5 3. Nf3 Bg7 4. 0-0 e5 5. d3 Nc6 6. Bg5 Nf6 7. c3 0-0 8. Qd2 d6 9. b4 a6 10. Na3 Be6 11. Nc2 e4 12. Nfd4 Nxd4 13. Nxd4 Bd5 14. c4 Bf7 15. dxe4 fxe4 16. Rac1 Re8 17. f3 Qd7 18. Bxf6 e3 19. Qd3 Bxf6 20. Nc2 Qa4 21. a3 a5 22. f4 Rab8 23. Nxe3 axb4 24. axb4 Qxb4 25. Nd5 Bxd5 26. Bxd5+ Kg7 27. f5 Qc5+ 28. Kg2 Re3 29. Qd1 Rbe8 30. Rc2 R8e5 31. fxg6 c6 32. gxh7 cxd5 33. Rxf6 Re8 34. Qf1 Kxh7 35. Qf5+ Kg8 36. Rg6+ Kh7 37. Qh5# 1-0